| 000 | 00439cam a2200169ua 4500 | ||
|---|---|---|---|
| 001 | 18330 | ||
| 008 | 121001n II |||gr||||Z||||||eng | ||
| 040 | _aMAIN | ||
| 041 | _aEnglish | ||
| 082 | _a515.3 COD | ||
| 100 | _aCODDINGTON, EARL A. | ||
| 245 | _aAN INTRODUCTION TO ORDINARY DIFFERENTIAL EQUALTIONS | ||
| 260 |
_aNEW DELHI: _bPHL LEARNING PVT. , _c2010. |
||
| 300 |
_a292: _c21CM. |
||
| 653 | _aDifferential Calculus | ||
| 942 | _cBK | ||
| 999 |
_c18213 _d18213 |
||